Central Library OPAC University of Rajshahi

The scientific papers of James Clerk Maxwell / (Record no. 68051)

MARC details
000 -LEADER
fixed length control field 00879nam a2200289 a 4500
001 - CONTROL NUMBER
control field 68051
003 - CONTROL NUMBER IDENTIFIER
rucl marc code BD-RjUL
005 - DATE AND TIME OF LATEST TRANSACTION
control field 20211209081727.0
008 - FIXED-LENGTH DATA ELEMENTS--GENERAL INFORMATION
fixed length control field 170330s1890 nyuacf 001 0 eng
035 ## - SYSTEM CONTROL NUMBER
System control number (BD-RjUL)68260
040 ## - CATALOGING SOURCE
Original cataloging agency DLC
Transcribing agency TNJ
Modifying agency BD-RjUL
Language of cataloging eng
041 ## - LANGUAGE CODE
Language code of text/sound track or separate title eng
082 ## - DEWEY DECIMAL CLASSIFICATION NUMBER
Edition number 23
Classification number 530
Author mark and year MAS 1890
100 1# - MAIN ENTRY--PERSONAL NAME
Personal name Maxwell, James Clerk,
Dates associated with a name 1831-1879.
9 (RLIN) 201721
245 14 - TITLE STATEMENT
Title The scientific papers of James Clerk Maxwell /
Statement of responsibility, etc. Ed. by W.D. Niven ...
260 ## - PUBLICATION, DISTRIBUTION, ETC. (IMPRINT)
Place of publication, distribution, etc. New York :
Name of publisher, distributor, etc. Dover Publication,
Date of publication, distribution, etc. 1890.
300 ## - PHYSICAL DESCRIPTION
Pagination v. :
Illustrations ill. ;
Size 20 cm.
500 ## - GENERAL NOTE
General note Includes index
650 #0 - SUBJECT ADDED ENTRY--TOPICAL TERM
Topical term or geographic name as entry element Physics.
9 (RLIN) 201722
Topical term or geographic name as entry element Mathematics.
9 (RLIN) 201723
Topical term or geographic name as entry element Electromagnetism.
9 (RLIN) 118530
Topical term or geographic name as entry element Kinetic theory of gases.
9 (RLIN) 201724
Topical term or geographic name as entry element Matter.
9 (RLIN) 201725
700 1# - ADDED ENTRY--PERSONAL NAME
Personal name Niven, William Davidson,
Dates associated with a name 1842-1917,
Relator term ed.
942 ## - ADDED ENTRY ELEMENTS (KOHA)
Source of classification or shelving scheme Dewey Decimal Classification
Koha item type Books
Holdings
Lost status Source of classification or shelving scheme Damaged status Not for loan Collection code Permanent Location Current Location Shelving location Date acquired Source of acquisition Cost, normal purchase price Total Checkouts Full call number Date last seen Copy number Koha item type
  Dewey Decimal Classification   Not For Loan Non-fiction Central Library, University of Rajshahi Central Library, University of Rajshahi Reading Room 07/01/1972 Zeitlinger 110.00   530 MAS 1890 30/03/2017 C-1 Books